[Event "44th BAN-ch OMICON 2018"]
[Site "Dhaka"]
[Date "2018.11.28"]
[Round "5"]
[White "S M Sharon"]
[Black "Saiful Islam, Chowdhury"]
[Result "0-1"]
[WhiteElo "2123"]
[BlackElo "2110"]
[Annotator "NA RC"]
[PlyCount "55"]
[EventDate "2018.11.24"]
[EventType "swiss"]
[EventCountry "BAN"]
[SourceTitle "playchess.com"]
[Source "ChessBase"]
[SourceQuality "1"]
[TimeControl "40/5400+30:1800+30"]

{[%evp 25,55,-13,32767,2,35,30,43,-62,0,-26,0,32767,-99,-202,32767,-420,-401,-478,-521,32767,-664,-650,-722,-1164,-1411,-29994,-29995,-29995,-29996,-29996,-29997,-29999]} 1. e4 {[%emt 0:12:00]} e5 {[%emt 0:00:00]} 2. Nf3 {[%emt 0:00:18]} Nc6 {[%emt 0:00:14]} 3. Nc3 {[%emt 0:01:06]} Nf6 {[%emt 0:00:19]} 4. g3 {[%emt 0:00:58]} Bc5 {[%emt 0:01:33]} 5. Bg2 {[%emt 0:00:24]} d6 {[%emt 0:00:24]} 6. h3 {[%emt 0:00:22]} h6 {[%emt 0:01:34]} 7. d3 {[%emt 0:00:10] C47: Scotch Four Knights and Four Knights with 4 g3} Be6 {[%emt 0:00:08]} (7... a6 8. Ne2 Be6 9. O-O Qd7 10. Kh2 g5 11. d4 g4 12. d5 gxf3 13. dxe6 fxe6 14. Bxf3 Qh7 {½-½ (59) Kaczmarek,A (2352)-Mista,A (2587) Krakow 2017}) 8. Na4 {[%emt 0:01:54]} Qe7 {[%emt 0:04:03]} 9. a3 $146 {[%emt 0:13:59]} ({Predecessor:} 9. c3 Bxf2+ 10. Kxf2 b5 11. b4 bxa4 12. Qxa4 Bd7 13. Qc2 Nd8 14. d4 exd4 {0-1 (47) Sahu,S (2277)-Vijayalakshmi,S (2444) Mumbai 2004}) 9... g5 {[%emt 0:03:33]} 10. b4 {[%emt 0:01:22]} Bb6 {[%emt 0:01:31]} 11. Nxb6 {[%emt 0:02:34]} axb6 {[%emt 0:00:10]} 12. Be3 {[%emt 0:00:45]} b5 {[%emt 0:09:40]} 13. Qb1 {[%emt 0:03:48]} d5 {[%emt 0:02:33]} 14. exd5 {[%emt 0:02:51]} Bxd5 {[%emt 0:04:36]} 15. O-O {[%emt 0:03:06]} g4 {[%emt 0:06:18]} 16. Bc5 {[%emt 0:08:01]} (16. hxg4 $1 $14 Nxg4 17. Bd2) 16... Qe6 {[%emt 0:00:52]} 17. hxg4 {[%emt 0:00:58]} b6 {[%emt 0:08:40]} 18. c4 {[%emt 0:16:02]} (18. Be3 $11) 18... bxc4 {[%emt 0:05:12]} 19. dxc4 {[%emt 0:00:25]} (19. b5 $17 {might work better.}) 19... Be4 {[%emt 0:01:14]} ({Weaker is} 19... Bxc4 20. Nd4 $15) 20. Ng5 $2 {[%emt 0:06:31]} (20. Nxe5 Bxg2 21. Kxg2 Nxe5 22. Bd4) 20... hxg5 {[%emt 0:02:33]} 21. Bxe4 {[%emt 0:00:09]} bxc5 {[%emt 0:07:18]} 22. b5 {[%emt 0:01:29]} Nd4 {[%emt 0:00:15]} ({And not} 22... Nxe4 23. Qxe4 {[%mdl 64] Pin} Ra4 24. Qxc6+ Qxc6 25. bxc6 $11) 23. Bxa8 {[%emt 0:00:47]} Qxg4 {[%emt 0:00:45]} 24. Re1 {[%emt 0:06:26] [#]} Nf3+ $1 {[%emt 0:02:40] Double Attack, Discovered Attack (Double check)} 25. Kf1 {[%emt 0:08:02]} Nd2+ {[%emt 0:03:12]} 26. Kg1 {[%emt 0:00:43]} Qh3 {[%emt 0:00:39]} 27. Rxe5+ {[%emt 0:01:42]} Kf8 {[%emt 0:00:28]} 28. Re1 {[%emt 0:07:08]} 0-1

[Event "44th BAN-ch OMICON 2018"]
[Site "Dhaka"]
[Date "2018.11.28"]
[Round "5"]
[White "Ahmed, Sk. Nasir"]
[Black "Subrota, Biswas"]
[Result "1/2-1/2"]
[WhiteElo "2119"]
[BlackElo "2126"]
[Annotator "TA"]
[PlyCount "159"]
[EventDate "2018.11.24"]
[EventType "swiss"]
[EventCountry "BAN"]
[SourceTitle "playchess.com"]
[Source "ChessBase"]
[SourceQuality "1"]

{[%evp 14,159,17,0,16,0,37,42,40,35,100,70,101,91,111,91,113,58,52,62,56,58,48,45,76,76,76,76,76,79,112,109,109,45,104,103,94,95,105,102,109,110,107,106,106,106,105,107,106,107,101,92,132,127,132,125,146,-7,122,-91,-89,-89,-108,-102,-85,-314,-230,-225,-225,-225,-203,-225,-223,-210,-139,-176,-176,-181,-115,-94,-64,-293,-323,-285,-145,-154,-161,-150,-35,-35,-36,-46,-8,-8,0,-8,-8,-8,-8,-8,-8,-8,-8,-11,-11,-16,-16,-16,-16,-16,-15,-16,-16,-16,-16,-16,-16,-16,-16,-16,-16,-16,-15,-16,-16,-16,-16,-16,-16,-16,-16,-16,-16,-16,-16,-16,-16,-16,-16,-16,-16,-16,-16,-16,-16,-16,-8,-8]} 1. c4 e5 2. Nc3 Nf6 3. Nf3 Nc6 4. d3 d5 5. cxd5 Nxd5 6. e4 Nb6 {A28: English Opening: Four Knights Variation} (6... Nf6 7. Be2 Bc5 8. O-O O-O 9. Be3 Bb6 10. Na4 Bg4 11. Rc1 Bxf3 12. Bxf3 Nd4 13. Nc5 Rb8 14. Rc4 Nxf3+ 15. Qxf3 {1-0 (53) Caruana,F (2822)-Karjakin,S (2782) Stavanger 2018}) 7. Be2 Be7 8. O-O {LiveBook: 6 Games} Be6 9. a4 a5 10. Nb5 O-O 11. Be3 f6 (11... Re8 $14) 12. Rc1 Kh8 $146 ({Predecessor:} 12... Rc8 13. d4 exd4 14. Nfxd4 Nxd4 15. Nxd4 {1-0 (28) Kvisla,J (2174)-Omtvedt,P (1919) Fagernes 2015}) 13. d4 exd4 14. Nfxd4 Bd7 15. Nxc7 (15. Bf4 $16 Nxd4 16. Bxc7 (16. Nxd4 Rc8 $16) (16. Qxd4 Bxb5 17. Qxd8 Rfxd8 $14) 16... Nxe2+ 17. Qxe2 Bxb5 18. Qxb5) 15... Qxc7 $14 16. Nb5 Qd8 $1 {White must now prevent ...Be6.} 17. Bxb6 $1 Qxb6 18. Qxd7 Rfd8 19. Qc7 Bc5 20. Qxb6 Bxb6 21. Rfd1 Rxd1+ 22. Rxd1 Rd8 23. Rd5 (23. Rxd8+ $16 Nxd8 24. Bc4) 23... Kg8 (23... Rxd5 $1 $14 24. exd5 Nd4) 24. Bc4 {[%cal Rd5d8]} Kf8 25. Rxd8+ Bxd8 $16 {[%mdl 4096] Endgame KBN-KBN} 26. Bd5 Nb4 27. Kf1 b6 28. Ke2 f5 29. Ke3 Bf6 30. b3 Ke7 31. g3 h6 32. Nd4 g6 33. Bg8 fxe4 34. Kxe4 Na6 35. Kd5 $2 (35. Bc4 $16 Nc5+ 36. Kd5) 35... Nc5 (35... Kf8 $11 {keeps the balance.} 36. Be6 Nc7+ 37. Kc6 Bxd4 38. Kxc7 Ke7) 36. f4 $2 (36. Kc4 $16 {stays on course.}) 36... Kf8 $17 37. Bh7 Kg7 38. Bxg6 Kxg6 39. f5+ $2 (39. g4 $17 {was worth a try.}) 39... Kf7 40. Nb5 Nxb3 41. Nd6+ Kf8 42. Nc4 {[#]} Bd8 $1 43. Kc6 Nd4+ 44. Kd7 Be7 45. g4 Nf3 (45... Bc5 $19 46. Kc7 Ke7) 46. h3 Ng1 47. Nxb6 $2 (47. Kc6 $1 $15) 47... Nxh3 $19 48. Nc4 {[#]} Nf2 (48... Bb4 $1 $19 {Strongly threatening ...Nf2.} 49. Ke6 Nf4+ 50. Kd7 Nd3) 49. Nxa5 $17 Nxg4 50. Nc6 Bc5 (50... Bg5 $17 51. a5 h5) 51. Ke6 $1 $15 h5 {aiming for ...h4.} 52. Ne5 $1 Be3 {White should prevent ...Kg7.} 53. f6 {Intending Nd7+ and mate.The position is equal.} Nh6 54. Nd7+ Kg8 {[#] And now ...h4 would win.} 55. f7+ $1 {[%mdl 512]} Nxf7 56. Nf6+ Kf8 57. Nxh5 Ng5+ 58. Kd7 Ne4 59. Ke6 Nc5+ 60. Kd5 Nxa4 61. Nf6 Nb6+ 62. Ke4 Bg1 63. Nd5 Nd7 64. Kf5 Kf7 65. Nf4 Bh2 66. Nd3 Ke7 67. Nf2 Nc5 68. Ne4 Nb7 69. Kg4 Ke6 70. Ng5+ Kd5 71. Kf3 Nd6 72. Ke3 Be5 73. Kf3 Bb2 74. Nh3 Nf5 75. Nf4+ Kd4 76. Ne6+ Ke5 77. Nc5 Nd4+ 78. Ke3 Bc1+ 79. Kd3 Ba3 80. Nd7+ {Precision: White = 57%, Black = 55%.} 1/2-1/2

[Event "44th BAN-ch OMICON 2018"]
[Site "Dhaka"]
[Date "2018.11.28"]
[Round "5"]
[White "Hossain, Showkat Pollab"]
[Black "Islam, Kh. Aminul"]
[Result "1/2-1/2"]
[WhiteElo "2119"]
[BlackElo "2253"]
[Annotator "RC"]
[PlyCount "32"]
[EventDate "2018.11.24"]
[EventType "swiss"]
[EventCountry "BAN"]
[SourceTitle "playchess.com"]
[Source "ChessBase"]
[SourceQuality "1"]
[TimeControl "40/5400+30:1800+30"]

1. e4 {[%emt 0:00:44]} e5 {[%emt 0:00:00]} 2. Nf3 {[%emt 0:00:04]} Nc6 {[%emt 0:00:00]} 3. Bb5 {[%emt 0:01:26]} a6 {[%emt 0:00:11]} 4. Bxc6 {[%emt 0:00:02]} dxc6 {[%emt 0:00:13]} 5. O-O {[%emt 0:00:03]} Qf6 {[%emt 0:00:30]} 6. d4 {[%emt 0:00:46]} exd4 {[%emt 0:00:07]} 7. Qxd4 {[%emt 0:01:11]} Qxd4 {[%emt 0:00:13]} 8. Nxd4 {[%emt 0:00:08]} Bd7 {[%emt 0:00:31]} 9. Nd2 {[%emt 0:06:24]} O-O-O {[%emt 0:00:55]} 10. N2f3 {[%emt 0:04:58]} Re8 {[%emt 0:03:33]} 11. Re1 {[%emt 0:01:45]} c5 {[%emt 0:01:59]} 12. Nf5 {[%emt 0:11:06]} Bxf5 {[%emt 0:00:26]} 13. exf5 {[%emt 0:00:02]} Rxe1+ {[%emt 0:00:08]} 14. Nxe1 {[%emt 0:00:05]} Nf6 {[%emt 0:00:20]} 15. Nf3 {[%emt 0:01:32]} Bd6 {[%emt 0:00:44]} 16. Bd2 {[%emt 0:06:39]} Ne4 {[%emt 0:14:09]} 1/2-1/2

[Event "44th BAN-ch OMICON 2018"]
[Site "Dhaka"]
[Date "2018.11.28"]
[Round "5"]
[White "Ikramul, Haq Siam"]
[Black "Mohammad Minhaz Uddin"]
[Result "1/2-1/2"]
[WhiteElo "2100"]
[BlackElo "2290"]
[Annotator "TA"]
[PlyCount "37"]
[EventDate "2018.11.24"]
[EventType "swiss"]
[EventCountry "BAN"]
[SourceTitle "playchess.com"]
[Source "ChessBase"]
[SourceQuality "1"]

{[%evp 15,37,25,43,-6,11,-42,0,-120,-108,-121,-75,-92,-83,-97,-39,-39,-38,-41,-38,-66,51,47,35,12]} 1. d4 Nf6 2. Bg5 Ne4 3. h4 d5 4. Nd2 Nxg5 5. hxg5 Bf5 6. e3 e6 {A45: Trompowsky Attack} 7. g4 (7. f4 c5 8. c3 Nc6 9. Ngf3 Bd6 10. dxc5 Bxc5 11. Nd4 Bg6 12. Bb5 Qb6 13. Qa4 O-O 14. N2b3 e5 15. Bxc6 exd4 16. exd4 Bd6 17. Bxd5 Rae8+ 18. Kf2 Bxf4 19. Rhe1 Rxe1 20. Rxe1 Qd6 {0-1 (20) Zisman,P (2293)-Aizenberg,B (1887) Jerusalem 2018}) 7... Bg6 8. f4 c5 {LiveBook: 6 Games. White has an edge.} 9. c3 Qb6 10. Qa4+ $146 (10. Qb3 $11) ({Predecessor:} 10. Qb3 Nc6 11. Ngf3 cxd4 12. exd4 Bd6 13. Qxb6 axb6 14. Ne5 Nxe5 15. dxe5 {1-0 (60) Chenchik,A (2100)-Asarkhinov,B (1928) Dagomys 2009}) 10... Nc6 (10... Nd7 $5 {[%cal Rb6b2]} 11. Bb5 O-O-O $11) 11. Bb5 (11. Qb5 $11) 11... Bd6 $17 12. Ngf3 a6 13. Bxc6+ bxc6 14. Ne5 {[#]} Bxe5 ({Black should try} 14... cxd4 $1 $17 15. cxd4 Bxe5 16. fxe5 O-O) 15. dxe5 $15 c4 16. Rh3 O-O 17. Qb4 Rfb8 (17... Qxb4 $15 18. cxb4 Bd3) 18. Qxb6 $14 Rxb6 19. e4 {Accuracy: White = 31%, Black = 44%.} 1/2-1/2

[Event "44th BAN-ch OMICON 2018"]
[Site "Dhaka"]
[Date "2018.11.28"]
[Round "5"]
[White "Zia, Tahsin Tajwar"]
[Black "Mehdi Hasan Parag"]
[Result "1/2-1/2"]
[WhiteElo "1803"]
[BlackElo "2218"]
[Annotator "NA RC"]
[PlyCount "87"]
[EventDate "2018.11.24"]
[EventType "swiss"]
[EventCountry "BAN"]
[SourceTitle "playchess.com"]
[Source "ChessBase"]
[SourceQuality "1"]
[TimeControl "40/5400+30:1800+30"]

{[%evp 33,87,-1,-39,-43,-20,-35,42,3,32767,42,125,93,89,105,111,80,106,39,64,30,69,32767,80,75,90,97,86,0,93,56,66,65,50,68,55,65,79,48,61,73,67,52,34,20,77,31,343,289,375,32767,10,15,30,29,10,15]} 1. Nf3 {[%emt 0:00:00]} Nf6 {[%emt 0:00:00]} 2. g3 {[%emt 0:00:00]} d5 {[%emt 0:00:43]} 3. Bg2 {[%emt 0:00:04]} e6 {[%emt 0:00:16]} 4. O-O {[%emt 0:00:07]} Be7 {[%emt 0:00:03]} 5. d3 {[%emt 0:00:15]} O-O {[%emt 0:00:47]} 6. Nbd2 {[%emt 0:00:10]} c5 {[%emt 0:00:16]} 7. e4 {[%emt 0:00:07]} Nc6 {[%emt 0:00:19]} 8. e5 {[%emt 0:00:22]} Ne8 {[%emt 0:02:10]} 9. Re1 {[%emt 0:00:25] C00: French: Unusual White 2nd moves} Nc7 {[%emt 0:00:24]} (9... b5 10. h4 Nc7 11. Ng5 Bxg5 12. hxg5 Qxg5 13. Nb3 Qe7 14. Be3 Na6 15. c4 bxc4 16. dxc4 Bb7 17. Qh5 dxc4 {½-½ (80) Savchenko,B (2604)-Yemelin,V (2588) Loo 2013}) 10. h4 {[%emt 0:00:56]} f6 {[%emt 0:00:28]} 11. exf6 {[%emt 0:07:16]} Bxf6 {[%emt 0:00:06]} 12. a3 $146 {[%emt 0:01:44]} ({Predecessor:} 12. Nf1 e5 13. Bg5 Qd6 14. Ne3 Be6 15. c4 h6 16. cxd5 Nxd5 {½-½ (55) Vrana,F (2300)-Kocur,V (2120) Stare Mesto 2003}) 12... b5 {[%emt 0:04:33]} 13. c4 {[%emt 0:02:04]} Rb8 {[%emt 0:00:54]} 14. Rb1 {[%emt 0:04:45]} Kh8 {[%emt 0:15:51]} 15. Qc2 {[%emt 0:04:43]} Qd6 {[%emt 0:02:08]} 16. b4 {[%emt 0:05:57]} cxb4 {[%emt 0:09:09]} 17. c5 {[%emt 0:02:04]} Qd8 {[%emt 0:03:23]} 18. axb4 {[%emt 0:00:27]} Na6 {[%emt 0:01:13]} 19. Ba3 {[%emt 0:01:06]} Qc7 {[%emt 0:00:47] [#]} (19... e5 $1 $15) 20. Nf1 {[%emt 0:06:00]} (20. d4 $1 $16) 20... Bd7 {[%emt 0:01:43]} ({Black should play} 20... e5 $11) 21. Qd2 {[%emt 0:01:00]} Nd4 {[%emt 0:03:39]} ({Better is} 21... e5 $14) 22. N1h2 {[%emt 0:02:55]} Rbe8 {[%emt 0:05:23]} 23. Bb2 {[%emt 0:03:06]} Nxf3+ {[%emt 0:02:59]} 24. Nxf3 {[%emt 0:00:28]} e5 {[%emt 0:02:59]} 25. d4 {[%emt 0:01:46]} e4 {[%emt 0:01:24]} 26. Ne5 {[%emt 0:01:21]} Nb8 {[%emt 0:01:04]} 27. Nxd7 {[%emt 0:01:06]} Qxd7 {[%emt 0:00:30]} 28. Ra1 {[%emt 0:01:42]} a6 {[%emt 0:00:04]} 29. Ra3 {[%emt 0:00:24]} Qc7 {[%emt 0:07:21]} 30. Qc3 {[%emt 0:03:38]} (30. Ree3 $16) 30... Rf7 {[%emt 0:02:28]} (30... Nc6 $11 31. Rxa6 Qc8 $11) 31. Bc1 {[%emt 0:01:57]} Nc6 {[%emt 0:02:57]} 32. Be3 {[%emt 0:01:30]} a5 {[%emt 0:01:04]} 33. Rxa5 {[%emt 0:01:43]} Nxa5 {[%emt 0:00:06]} 34. bxa5 {[%emt 0:00:04]} Ra8 {[%emt 0:01:10]} 35. Ra1 {[%emt 0:00:14]} Qc6 {[%emt 0:00:24]} 36. Qb4 {[%emt 0:01:20]} Rb7 {[%emt 0:02:41]} 37. Bf1 {[%emt 0:01:13]} h6 {[%emt 0:01:15]} 38. Rb1 {[%emt 0:02:10]} Qc7 {[%emt 0:05:16] [#]} (38... Qe6 $11) 39. Bf4 {[%emt 0:00:58]} (39. Qb3 $1 $16 {[%cal Rb3d5]} Qf7 40. Qa2) 39... Qd8 $2 {[%emt 0:11:47]} (39... Qc8 $1 $14) 40. c6 {[%emt 0:00:00]} Rba7 {[%emt 0:00:00]} 41. c7 $2 {[%emt 0:01:27]} ({Less strong is} 41. Bxb5 Be7 $16) ({Weaker is} 41. Qxb5 Bxd4 42. Rd1 Rxa5 $16) (41. Qc5 $18) 41... Rxc7 {[%emt 0:00:22]} 42. Bxc7 {[%emt 0:00:08]} Qxc7 {[%emt 0:00:10]} 43. Bxb5 {[%emt 0:01:27]} Qxa5 {[%emt 0:02:19]} 44. Bc6 $11 {[%emt 0:01:11]} 1/2-1/2

[Event "44th BAN-ch OMICON 2018"]
[Site "Dhaka"]
[Date "2018.11.29"]
[Round "6"]
[White "Reefat, Bin-Sattar"]
[Black "Rahman, Ziaur"]
[Result "0-1"]
[WhiteElo "2437"]
[BlackElo "2468"]
[Annotator "TA"]
[PlyCount "73"]
[EventDate "2018.11.24"]
[EventType "swiss"]
[EventCountry "BAN"]
[SourceTitle "playchess.com"]
[Source "ChessBase"]
[SourceQuality "1"]

{[%evp 13,73,25,33,0,0,0,0,0,21,20,18,25,22,0,6,-13,-13,-47,-17,-13,-20,-49,-48,-60,-55,-122,-46,-96,-85,-150,-7,-17,-12,-5,-4,-7,-4,-10,-11,-12,0,0,0,0,0,0,82,0,0,0,0,-108,-104,-96,-62,-133,-132,-287,-237,-277,-200,-712]} 1. e4 g6 2. d4 Bg7 3. Nc3 d6 4. Be3 a6 5. h4 Nf6 6. f3 b5 {B07: Pirc Defence: Miscellaneous Systems} (6... h5 7. Qd2 b5 8. O-O-O c6 9. Kb1 Qc7 10. Bf4 b4 11. Na4 a5 12. Bc4 Ba6 13. Bb3 Nbd7 14. Nh3 {1-0 (38) Leko,P (2693)-Saric,I (2652) Tallinn 2016}) 7. g4 h5 {[%cal Rh5g4] LiveBook: 6 Games} 8. g5 (8. e5 $5 {[%cal Re5f6]} Ng8 9. g5 $11) 8... Nfd7 {[%cal Bf6d7,Bd7b6,Bb6c8,Bc8a7,Ba7b5][%mdl 32] The position is equal.} 9. Bg2 $146 ({Predecessor:} 9. Nge2 Bb7 10. Qd2 Nb6 11. Ng3 N8d7 12. f4 c5 13. d5 O-O 14. Be2 {1-0 (34) Wallace,J (2411)-Rawlinson,A (2168) Bunratty 2018}) 9... Nb6 10. b3 Bb7 11. a4 b4 12. Nce2 N8d7 13. a5 Nc8 14. Ra4 c5 15. d5 Na7 16. f4 Nb5 17. Nf3 e6 18. dxe6 $1 fxe6 19. Qd3 ({White should play} 19. O-O $15) 19... Qe7 (19... O-O $17) 20. e5 O-O-O $1 {[%cal Rd6e5]} 21. c4 (21. O-O $142) 21... bxc3 ({Better is} 21... Nd4 $17 22. Nexd4 (22. Bxd4 cxd4 23. Qxg6 Nc5 $17 {[%mdl 64] Double Attack}) 22... cxd4 23. Rxb4 (23. Qxd4 dxe5 24. Qa7 exf4 $17) 23... Bxf3 24. Bxf3 dxe3 25. exd6 Nc5 26. Qxe3 Qxd6) 22. Nxc3 $11 Nxc3 23. Qxc3 dxe5 24. Qc2 exf4 25. Rxf4 Rhf8 26. O-O $1 Rxf4 27. Bxf4 e5 {[%cal Be6e5,Be5e4][%mdl 32]} 28. Be3 {Strongly threatening Bh3.} Qe6 29. b4 Qf5 (29... Rf8 $11) 30. Qc1 (30. Qe2 $16 e4 31. Nd2) 30... Qg4 $36 {[%mdl 2048] Black has the initiative.} 31. bxc5 {Hoping for c6.} Bc6 {...Rf8 is the strong threat.} 32. Qb1 {[#]} (32. Rf2 $11 {keeps the balance.}) 32... e4 $1 $17 {[%cal Re4f3]} 33. Nh2 Qe6 34. Rc1 {[#]} (34. Rf2 $15) 34... Be5 $1 35. Nf1 $2 (35. Rf1 $17) 35... Qg4 36. Rc4 {[%cal Rc4e4]} Bc7 {And now ...Ne5 would win.} ({Stronger than} 36... Qxh4 37. Rxe4 Bxe4 38. Bxe4 $11) 37. Bd4 $2 {Accuracy: White = 39%, Black = 61%.} (37. Rxe4 Bxe4 38. Qxe4 Qxe4 39. Bxe4) 0-1

[Event "44th BAN-ch OMICON 2018"]
[Site "Dhaka"]
[Date "2018.11.29"]
[Round "6"]
[White "Mohammad Minhaz Uddin"]
[Black "S M Sharon"]
[Result "1-0"]
[WhiteElo "2290"]
[BlackElo "2123"]
[Annotator "TA"]
[PlyCount "53"]
[EventDate "2018.11.24"]
[EventType "swiss"]
[EventCountry "BAN"]
[SourceTitle "playchess.com"]
[Source "ChessBase"]
[SourceQuality "1"]

{[%evp 10,53,34,22,81,33,33,25,38,22,20,38,26,13,18,12,99,107,113,109,114,106,172,124,152,130,190,186,227,231,211,210,221,81,402,409,922,917,907,849,29996,-93,29997,29998,29998,29999]} 1. e4 d6 2. d4 Nf6 3. Nc3 Nbd7 4. g3 g6 5. Bg2 Bg7 6. Nge2 {LiveBook: 46 Games. B07: Pirc Defence: Miscellaneous Systems} Rb8 (6... e5 $11) (6... c5 7. O-O O-O 8. h3 a6 9. a4 Rb8 10. a5 cxd4 11. Nxd4 Nc5 12. Be3 Bd7 13. b4 Ne6 14. Nde2 Qe8 15. Qd3 Rc8 16. Rac1 Nc7 {1-0 (47) Zubov,A (2626)-Manolache,M (2495) Sitges 2017}) 7. a4 a6 8. O-O {White is slightly better.} c5 $146 ({Predecessor:} 8... O-O 9. h3 c5 10. Be3 Qc7 11. f4 cxd4 12. Bxd4 Rd8 13. Qd2 Nc5 14. Kh1 b5 15. axb5 axb5 16. Qe3 b4 17. Nd5 Nxd5 18. exd5 e6 19. Bxg7 Kxg7 20. dxe6 Nxe6 {½-½ (27) Bauer,M (2260)-Eifler,T (2095) Speyer 1997}) 9. e5 dxe5 10. dxe5 Nxe5 11. Qxd8+ Kxd8 12. Rd1+ Ned7 (12... Ke8 $11) 13. Bf4 $36 {[%mdl 3072] White has strong compensation. White has strong initiative.} Ra8 14. a5 Ke8 15. Na4 h5 (15... e5 $16) 16. Bc7 {Hoping for Nb6.} e6 17. Ra3 c4 {[#]} (17... h4 $16) 18. Rc3 $1 $18 Nd5 19. Bxd5 ({Don't take} 19. Rxc4 $6 Nxc7 20. Rxc7 Be5 $16) 19... Bxc3 20. Nexc3 exd5 {[#]} 21. Nxd5 (21. Bd6 $1 $18 b5 22. axb6 (22. Nxd5 Bb7 $14)) 21... f6 $2 {[%mdl 8192]} (21... Kf8 $16) 22. Re1+ Kf7 (22... Kf8 $142 23. Nab6 Nxb6 24. Nxb6 c3 25. bxc3 Bf5) 23. Re7+ Kg8 24. Nab6 Nxb6 25. Nxf6+ Kf8 26. Bd6 {[%cal Re7b7]} Nd5 27. Rh7+ {[%mdl 64] Discovered Attack (Double check). Accuracy: White = 59%, Black = 22%.} 1-0

[Event "44th BAN-ch OMICON 2018"]
[Site "Dhaka"]
[Date "2018.11.29"]
[Round "6"]
[White "Islam, Kh. Aminul"]
[Black "Saiful Islam, Chowdhury"]
[Result "1-0"]
[WhiteElo "2253"]
[BlackElo "2110"]
[Annotator "TA"]
[PlyCount "95"]
[EventDate "2018.11.24"]
[EventType "swiss"]
[EventCountry "BAN"]
[SourceTitle "playchess.com"]
[Source "ChessBase"]
[SourceQuality "1"]

{[%evp 17,95,41,47,0,10,9,39,22,35,32,33,0,4,0,22,8,10,0,18,0,0,0,149,141,139,116,159,149,204,192,201,191,199,205,212,212,262,229,225,220,220,205,363,220,220,150,144,148,235,151,183,183,237,239,235,203,195,194,236,222,289,261,401,405,418,398,385,397,398,393,406,443,558,560,756,756,1293,1285,1193,1131]} 1. d4 Nf6 2. Nf3 d5 3. c4 c6 4. Nc3 e6 5. cxd5 exd5 6. Bg5 Nbd7 7. e3 Bb4 8. Qc2 Qa5 9. Nd2 O-O 10. Nb3 {D52: Queen's Gambit Declined: Cambridge Springs Variation} Qb6 (10... Qd8 11. Bd3 Be7 12. O-O a5 13. a3 Re8 14. f3 Nf8 15. Rfe1 Nh5 16. Bxe7 Rxe7 17. Rad1 b6 {1-0 (61) Timofeev,A (2659)-Looshnikov,N (2497) Moscow 2012}) 11. Bd3 a5 12. O-O {White is slightly better.} a4 13. Nd2 a3 14. b3 Qa5 $146 ({Predecessor:} 14... h6 15. Bh4 Re8 16. Rac1 Bd6 17. Nf3 Nf8 18. Bxf6 gxf6 {1-0 (30) Rossetto,H-Nausa,J Bariloche 1960}) 15. Rac1 Re8 16. Bh4 h6 17. Ndb1 b6 18. Na4 Bb7 19. Bf5 Nf8 (19... Bf8 $11 {remains equal.}) 20. Bxf6 $1 $16 gxf6 21. Qe2 Ng6 22. Qh5 Kg7 (22... Ne7 $16 23. Bd7 Red8) 23. Bd7 $18 {[%mdl 64] Double Attack} Red8 24. Bxc6 Bxc6 25. Rxc6 Rac8 26. Rxb6 Rc7 27. Qf5 Rd6 28. Rxd6 Bxd6 29. g3 h5 $2 (29... Bb4 30. Qd3 Ne7) 30. Qd3 ({Don't play} 30. Qxh5 Bb4 $18) 30... Bb4 31. Rd1 h4 32. Kg2 Rc8 (32... Rc6 $16 {was worth a try.} 33. Nd2 Qc7) 33. Kf1 {[%cal Bg2f1,Bf1g1,Bg1f2][%mdl 32]} Qc7 34. Nbc3 Bxc3 {[#]} (34... Qd7 {was necessary.} 35. Kg1 Qe6) 35. Rc1 $1 Qd7 36. Rxc3 Qh3+ {[#]} 37. Kg1 $1 Rh8 {( -> ...hxg3)} 38. Qe2 Qf5 39. Rc1 h3 (39... Re8 $142 40. g4 Qg5) 40. f3 {[%cal Bf2f3,Bf3f4][%mdl 32]} Re8 41. Nc5 Qg5 42. Kf2 f5 {intending ...f4.} 43. f4 Qd8 44. Qh5 Qa5 {...Qd2+ is the strong threat.White is clearly winning.} 45. Rc2 Re7 46. Qxf5 Rxe3 47. Kxe3 Qe1+ 48. Re2 {Accuracy: White = 56%, Black = 38%.} 1-0